• 首页
  • 本馆介绍
  • 公告通知
  • 最新文献
  • 馆藏检索
  • 电子资源
  • 读者导购
  • 参考咨询
  • 我的图书馆
  • 登录
  • 详细信息显示
  • 放入我的书架
  • 预约/预借图书
  • 作者相关作品
  • 分类相关作品
  • 丛书相关作品
  • 出版社相关作品

书目信息

  • 表格格式
  • 工作单格式
  • 卡片格式
题名:
个体
    
 
作者: 斯特劳森 著 ;江怡 译
分册:  
出版信息: 北京   中国人民大学出版社  2004
页数: 18,186页
开本: 23cm
丛书名: 当代世界学术名著
单 册:
中图分类: B561.59
科图分类:
主题词: 形而上学--研究 , 哲学--欧洲
电子资源:
ISBN: 7-300-06192-3
000 01319nam0 2200301 450
001 TS-142156
005 20070118172145.79
010    @a7-300-06192-3@dCNY25.00
100    @a20060829d2004 kemy0chiy0110 ea
101 1  @achi@ceng
102    @aCN@b110000
105    @aa z 001yy
200 1  @a个体@AGe Ti@e论描述的形而上学@ELun Miao Shu De Xing Er Shang Xue@f(英)彼得·F.斯特劳森(Peter F.Strawson)著@F( Ying ) Bi De· F. Si Te Lao Sen (Peter F.Strawson) Zhu@g江怡译
210    @a北京@c中国人民大学出版社@d2004
215    @a18,186页@c照片@d23cm
225 2  @a当代世界学术名著@i哲学系列
305    @aRoutledge出版公司授权出版
330    @a作者在书中主要阐述了一种描述的形而上学,即认为形而上学应当满足于描述我们关于世界的思想结构,研究世界与作为世界一部分并以某种方式与之相关联的人类的一些普遍必然的特征,重新确立了形而上学作为一门值得尊敬的理智学科的地位。
462  0 @1001002823137@12001 @a哲学系列
510 1  @aIndividuals@eAn Essay in Descriptive Metaphysics@zeng
517 1  @a论描述的形而上学@ALun Miao Shu De Xing Er Shang Xue
606 0  @a形而上学@x研究
606 0  @a哲学@x欧洲
690    @aB561.59@v4
701  0 @c(英)@a斯特劳森@ASi Te Lao Sen@c(Strawson, Peter Frederick@f1919~)@4著
702  0 @a江怡@AJiang Yi@f(1961~)@4译
801  0 @aCN@b中图数据@c20070118
905    @a10447@dB561.59@e31
    
    个体:论描述的形而上学/(英)彼得·F.斯特劳森(Peter F.Strawson)著/江怡译.-北京:中国人民大学出版社,2004
    18,186页:照片;23cm.-(当代世界学术名著.哲学系列)
    
    
    ISBN 7-300-06192-3:CNY25.00
    作者在书中主要阐述了一种描述的形而上学,即认为形而上学应当满足于描述我们关于世界的思想结构,研究世界与作为世界一部分并以某种方式与之相关联的人类的一些普遍必然的特征,重新确立了形而上学作为一门值得尊敬的理智学科的地位。
●
相关链接 在E读中查询图书 在五车中查询图书 在当当中查询图书 在豆瓣中查询图书


正题名:个体     索取号:B561.59/31         预约/预借

序号 登录号 条形码 馆藏地/架位号 状态 备注
1 0608675   206086750   第一样本阅览室/ [索取号:B561.59/31] 在馆    
2 0608676   206086769   第一借阅区/ [索取号:B561.59/31] 在馆    
3 0608677   206086778   第一借阅区/ [索取号:B561.59/31] 在馆    
4 0608678   206086787   第一借阅区/ [索取号:B561.59/31] 在馆    
5 0608679   206086796   第一借阅区/ [索取号:B561.59/31] 在馆    
6 0608680   206086803   第一借阅区/ [索取号:B561.59/31] 在馆    
唐山师范学院图书馆 欢迎您!
大连网信软件有限公司© 版权所有